000 00572cam a2200217 4500
008 090401t1991 xxu||||| |||| 00| 0 eng d
020 _a0749402261
035 _a(Sirsi) u57122
041 _aeng
050 _a658.3
100 _aArmstrong, Michael
245 2 _aA handbook of personnel management practice.
250 _a4th ed.
260 _aLondon
_bKogan Page
_c1991
300 _a976p. ; 24cm.
350 _a18.95
650 _aPERSONNEL MANAGEMENT
690 _aMANAGEMENT-BUSINESS MANAGEMENT-PROFESSIONAL PRACTICE
942 _n0
948 _c04/03/1997
999 _c93893
_d93893